000 00905nam a2200229Ia 4500
999 _c28662
_d28662
003 GCL
005 20240530101918.0
008 140319s9999 xx 000 0 ara d
040 _aGCL /
_cGCL
082 0 4 _a232.2
_bت ف
100 1 _aالتنوخى: ابو على بن ابى القاسم على بن محمد بن ابى الفهم داود
245 1 0 _aالفوائد العوالى المؤرخة من الصحاح والغرائب /
_cالتنوخى: ابو على بن ابى القاسم على بن محمد بن ابى الفهم داود
260 _a[S.N] :
_bدار الايمان ،
_c1988
300 _a228
650 0 4 _aالحديث
650 0 4 _aعلم رواية الحديث
650 0 4 _aالاسناد الصحيح
650 0 4 _aالرواه - تراجم
650 0 4 _aالاسناد
700 1 _aالصورى , ابوعبدالله محمدبن ع
942 _2ddc
_cBK